El sionismo : crítica y defensa /

Guardado en:
Autor Principal: Herzl, Teodoro
Formato: Libro
Publicado: Buenos Aires : Centro Editor de América Latina, 1968
Series:Biblioteca de literatura y ciencias sociales. Siglomundo
Materias:
Etiquetas: Agregar Etiqueta
Sin Etiquetas, Sea el primero en etiquetar este registro!
LEADER 01204nam a22002295a 4500
001 CEM.cems012208
005 20060830193547.0
008 130507s1968##################000#0#####d
003 CEMS
082 0 4 |a 320.95654 
100 1 |a Herzl, Teodoro 
245 1 0 |a El sionismo :  |b crítica y defensa /  |c Teodoro Herzl , Max Nordau, Zeev Jabotinsky, Dov Ber Borojov y Abraham León 
260 |a Buenos Aires :  |b  Centro Editor de América Latina,  |c 1968 
300 |a 117 p. 
490 0 |a Biblioteca de literatura y ciencias sociales. Siglomundo 
500 |a Antología preparada por el departamento Siglomundo del Centro editor de América Latina 
505 0 |a El estado judío / Teodoro Herzl -- El fracaso de la emancipación / Max Nordau -- La situación de los judíos en el siglo XIX / Max Nordau -- Fragmentos / Zeev Jabotinsky -- Nuestra plataforma : bases del sionismo proletario / Dov Ber Borojov -- La concepción materialista de la cuestión judía / Abraham León 
600 1 4 |a Herzl, Teodoro Nordau, Max Jabotinsky, Zeev Ber Borojov, Dov León, Abraham 
653 |a Sociología 
653 |a Sionismo 
653 |a Judíos 
859 |a CEMS  |b BIB. CEMS - 11 de abril  |h 320.95654  |i H449  |p 23162.05  |t Ej.1